Premier League teams with Smiths, Jones' & Browns ⚽ - Statistics

General Stats
  • This quiz has been taken 39 times
  • The average score is 21 of 40
Answer Stats
Question Tile Select % Correct
teams that have played a Smith (4/8) Cardiff City No
78%
teams that have played a Smith (4/8) West Ham United No
73%
teams that have played all three - a Smith, Jones AND a Brown (2/8) Ipswich Town No
70%
teams that have played a Smith (4/8) Arsenal Yes
68%
teams that have played all three - a Smith, Jones AND a Brown (2/8) Birmingham City No
68%
teams that have played a Jones (4/8) Wimbledon Yes
65%
teams that have played a Smith (4/8) Hull City No
62%
teams that have played all three - a Smith, Jones AND a Brown (2/8) Manchester United Yes
62%
teams that have played a Smith (4/8) Bournemouth Yes
59%
teams that have played all three - a Smith, Jones AND a Brown (2/8) Southampton No
59%
teams that have played a Jones (4/8) Manchester City No
57%
teams that have played a Smith (4/8) Sheffield Wednesday No
57%
teams that have played all three - a Smith, Jones AND a Brown (2/8) Portsmouth No
54%
teams that have played a Brown (4/8) Wigan Athletic Yes
54%
teams that have played a Jones (4/8) Blackburn Rovers Yes
51%
teams that have played a Brown (4/8) Burnley No
51%
teams that have played a Jones (4/8) Crystal Palace No
51%
teams that have played a Jones (4/8) Fulham No
51%
teams that have played a Jones (4/8) Stoke City Yes
51%
teams that have played a Brown (4/8) Charlton Athletic Yes
49%
teams that have played a Brown (4/8) Leicester City No
49%
teams that have played a Jones (4/8) Newcastle United No
49%
teams that have played all three - a Smith, Jones AND a Brown (2/8) Norwich City No
49%
teams that have never played a Smith, Jones OR Brown (4/8) Nottingham Forest Yes
49%
teams that have played all three - a Smith, Jones AND a Brown (2/8) Sheffield United No
49%
teams that have played a Brown (4/8) West Bromwich Albion Yes
49%
teams that have played a Brown (4/8) Chelsea No
46%
teams that have never played a Smith, Jones OR Brown (4/8) Derby County No
46%
teams that have played a Brown (4/8) Leeds United No
46%
teams that have played a Smith (4/8) Liverpool Yes
46%
teams that have never played a Smith, Jones OR Brown (4/8) Bolton Wanderers No
43%
teams that have never played a Smith, Jones OR Brown (4/8) QPR No
43%
teams that have played a Smith (4/8) Coventry City Yes
41%
teams that have never played a Smith, Jones OR Brown (4/8) Swansea City Yes
41%
teams that have played a Brown (4/8) Tottenham Hotspur Yes
41%
teams that have played a Jones (4/8) Middlesbrough Yes
38%
teams that have played all three - a Smith, Jones AND a Brown (2/8) Sunderland Yes
38%
teams that have never played a Smith, Jones OR Brown (4/8) Wolves No
38%
teams that have never played a Smith, Jones OR Brown (4/8) Aston Villa Yes
35%
teams that have never played a Smith, Jones OR Brown (4/8) Everton Yes
27%
No matching quizzes found
Score Distribution
Percent of People with Each Score
Percentile by Number Answered
Your Score History
You have not taken this quiz